Music Quiz

Random Music or Classical Quiz

Opera Name Match: Tenors Quiz Stats

Quiz not verified by Sporcle

Challenge
Share
Tweet
Score 0/20 Timer 06:00
0 Plays Today
% Correct
Plácido
99.4%
Luciano
99.4%
José
97.6%
Enrico
95.8%
Jussi
90.9%
Franco
90.3%
Juan Diego
87.3%
Jonas
87.3%
Carlo
83.6%
Nicolai
83.6%
% Correct
Roberto
83%
Rolando
82.4%
Beniamino
77.6%
Fritz
75.2%
Peter
72.7%
Siegfried
69.7%
Lauritz
67.9%
Jan
60.6%
Alfredo
56.4%
Gilbert
50.3%

You're not logged in!

Compare scores with friends on all Sporcle quizzes.
Sign Up with Email
OR
Log In

You Might Also Like...

Show Comments

Extras

Top Quizzes Today


Score Distribution

Your Account Isn't Verified!

In order to create a playlist on Sporcle, you need to verify the email address you used during registration. Go to your Sporcle Settings to finish the process.